| 000 | 01753nam a2200373 a 4500 | ||
|---|---|---|---|
| 001 | ebr10753165 | ||
| 003 | CaPaEBR | ||
| 006 | m o u | ||
| 007 | cr cn||||||||| | ||
| 008 | 130402s2013 cau sb 001 0 eng d | ||
| 010 | _z 2013013483 | ||
| 020 | _z9780804786089 (cloth : alk. paper) | ||
| 020 | _z9780804786614 (pbk. : alk. paper) | ||
| 020 | _z9780804789318 (e-book) | ||
| 040 |
_aCaPaEBR _cCaPaEBR |
||
| 035 | _a(OCoLC)859382888 | ||
| 043 | _an-us--- | ||
| 050 | 1 | 4 |
_aJK1726 _b.S67 2013eb |
| 082 | 0 | 4 |
_a320.973 _223 |
| 100 | 1 | _aSomin, Ilya. | |
| 245 | 1 | 0 |
_aDemocracy and political ignorance _h[electronic resource] : _bwhy smaller government is smarter / _cIlya Somin. |
| 260 |
_aStanford, Calif. : _bStanford Law Books, an imprint of Stanford University Press, _c2013. |
||
| 300 | _ax, 264 p. | ||
| 504 | _aIncludes bibliographical references and index. | ||
| 505 | 0 | _aThe widespread extent of political ignorance -- Do voters know enough? -- The rationality of political ignorance -- The shortcomings of shortcuts -- Foot voting vs. ballot box voting -- Political ignorance and judicial review -- Can vote knowledge be increased?. | |
| 533 |
_aElectronic reproduction. _bPalo Alto, Calif. : _cebrary, _d2013. _nAvailable via World Wide Web. _nAccess may be limited to ebrary affiliated libraries. |
||
| 650 | 0 |
_aDemocracy _zUnited States. |
|
| 650 | 0 |
_aIgnorance (Theory of knowledge) _xPolitical aspects _zUnited States. |
|
| 650 | 0 |
_aVoting _zUnited States. |
|
| 651 | 0 |
_aUnited States _xPolitics and government. |
|
| 655 | 7 |
_aElectronic books. _2local |
|
| 710 | 2 | _aebrary, Inc. | |
| 856 | 4 | 0 |
_uhttp://site.ebrary.com/lib/rucke/Doc?id=10753165 _zAn electronic book accessible through the World Wide Web; click to view |
| 999 |
_c116854 _d116854 |
||